000 00985nab a2200229 i 4500
001 768714001
003 CO-MdFUSB
005 20240815130841.0
008 240815t1925 cr ||||| |||| 00| 0 eng d
040 _bspa
_cCO-MdFUSB
_dCO-MdFUSB
041 _aeng
245 4 _aThe rising of the San Blas indians
520 _aSe hace mención de una repentina "revolución" entre los indios de San Blas que se asentaron en la zona del Darién. Los agravios infligidos a los indios, que dieron origen al odio y la venganza, eran contrarios a su carácter pacífico.
546 _aTexto en inglés.
650 7 _aEtnocentrismo
_9442
650 0 _aIglesia y problemas sociales
_91177
650 7 _aAntropología cultural y social
_96714
650 7 _aDerechos humanos
_9296
773 0 _070761
_982969
_oR2742
_tLatin America Mission
_w(CO-MdFUSB)768714001
_gVolumen 4, (número 8, 1925), páginas: 13 - 15
_qpágina: 13
942 _cANA
945 _aCatherine Arias Álvarez - Practicante SENA
999 _c70872
_d70872